LEADER 01616nam2-2200481---450- 001 990000892730203316 005 20050523120824.0 010 $a88-464-3426-9 035 $a0089273 035 $aUSA010089273 035 $a(ALEPH)000089273USA01 035 $a0089273 100 $a20020122d2002----y0itay01 ba 101 $aita 102 $aIT 105 $ay|||z|||001yy 200 1 $a<<1:>> <> questione industriale$fGiuseppe Bonazzi 210 $aMilano$cF. Angeli$d2002 215 $a191 p.$d22 cm 225 2 $aCollana di sociologia$v366 410 0$12001$aCollana di sociologia$v366 461 1$10010089270$12001$aStoria del pensiero organizzativo 606 $aOrganizzazione del lavoro$xSociologia 606 $aProduzione$xOrganizzazione 676 $a306.36 700 1$aBONAZZI,$bGiuseppe$088846 801 0$aIT$bBNI$c19950913$gRICA 912 $a990000892730203316 951 $aII.5. Coll.1/ 47/1(VI SOC D COLL 1/366.1)$b10197 E.C.$cVI SOC D$d00080373 951 $aII.5. Coll.1/ 47/1a(VI SOC D COLL 1/366.1A)$bL.M.$cVI soc 951 $aII.5. Coll.1/ 47/1b(VI SOC D COLL 1/366.1BIS)$bL.M.$cVI soc 959 $aBK 969 $auma 979 $aCHIARA$b90$c20020122$lUSA01$h1205 979 $aCHIARA$b90$c20020122$lUSA01$h1208 979 $aCHIARA$b90$c20020122$lUSA01$h1214 979 $c20020403$lUSA01$h1733 979 $aANGELA$b90$c20030210$lUSA01$h1034 979 $aANGELA$b90$c20030210$lUSA01$h1036 979 $aPATRY$b90$c20040406$lUSA01$h1701 979 $aCOPAT1$b90$c20050523$lUSA01$h1208 996 $aQuestione industriale$9516684 997 $aUNISA LEADER 00844cam0 22002653 450 001 SOB007123 005 20170223093704.0 010 $a8870603849 100 $a20040211d1997 |||||ita|0103 ba 101 $aita 102 $aIT 200 1 $aCampania Felix$fAlfonso M. Di Nola 210 $aRoma$cEditalia$d1997 215 $a357 p.$cill.$d40 cm.$e1 c. geogr.$ccolor.$d50 x 68 cm 300 $aIn custodia. Esemplare n. 368 700 1$aDi Nola$b, Alfonso M.$3AF00007661$4070$0160129 801 0$aIT$bUNISOB$c20170223$gRICA 850 $aUNISOB 852 $aUNISOB$j700$m107442 912 $aSOB007123 940 $aM 102 Monografia moderna SBN 941 $aM 957 $a700$bLI$i- (51)$gCON$d107442$rACQUISTO$1massimo$2UNISOB$3UNISOB$420091120114114.0$520170223093704.0$6catenacci 996 $aCampania Felix$91677492 997 $aUNISOB